[Event "Moscow op-A 15th"]
[Site "Moscow"]
[Date "2019.02.03"]
[Round "9"]
[White "Eynullayev, Atilla Elshan"]
[Black "Kasyanov, Andrey"]
[Result "1/2-1/2"]
[WhiteElo "2151"]
[BlackElo "2236"]
[PlyCount "112"]
[EventDate "2019.01.26"]
[EventType "swiss"]
[EventRounds "9"]
[EventCountry "RUS"]
[SourceTitle "CBM 188 Extra"]
[Source "ChessBase"]
[SourceDate "2019.02.26"]
[SourceVersion "1"]
[SourceVersionDate "2019.02.26"]
[SourceQuality "1"]

1. e4 e6 2. d4 d5 3. Nc3 dxe4 4. Nxe4 Nd7 5. Nf3 Ngf6 6. Nxf6+ Nxf6 7. Bd3 c5 8. Bg5 Qa5+ 9. Qd2 Qxd2+ 10. Bxd2 cxd4 11. Nxd4 Bc5 12. Nb3 Be7 13. 0-0 0-0 14. Rfe1 Bd7 15. Na5 b6 16. Nc4 Rfd8 17. Ne5 Be8 18. a4 Rac8 19. Re2 Nd5 20. Re4 f6 21. Nf3 e5 22. Rc4 Bg6 23. Rxc8 Rxc8 24. Bxg6 hxg6 25. c3 a6 26. Kf1 Kf7 27. Ke2 g5 28. h3 Nf4+ 29. Bxf4 gxf4 30. Nd2 Ke6 31. Kd3 Rd8+ 32. Kc2 Bc5 33. Ne4 f5 34. Nxc5+ bxc5 35. b4 c4 36. Rd1 Rc8 37. Kd2 g5 38. Ke2 g4 39. hxg4 fxg4 40. Rh1 e4 41. g3 Rd8 42. gxf4 Kf5 43. Rd1 Rh8 44. Rd4 Kxf4 45. Rxc4 Rh2 46. Rc8 g3 47. Rf8+ Ke5 48. c4 Kd4 49. c5 gxf2 50. Rxf2 Rh8 51. Rf6 Rh2+ 52. Rf2 Rh8 53. c6 Rb8 54. c7 Rc8 55. Rf7 Kc4 56. Ke3 Kxb4 1/2-1/2

[Event "Moscow op-A 15th"]
[Site "Moscow"]
[Date "2019.01.31"]
[Round "6"]
[White "Kasyanov, Andrey"]
[Black "Zhukov, Anton"]
[Result "1-0"]
[WhiteElo "2236"]
[BlackElo "2074"]
[PlyCount "53"]
[EventDate "2019.01.26"]
[EventType "swiss"]
[EventRounds "9"]
[EventCountry "RUS"]
[SourceTitle "CBM 188 Extra"]
[Source "ChessBase"]
[SourceDate "2019.02.26"]
[SourceVersion "1"]
[SourceVersionDate "2019.02.26"]
[SourceQuality "1"]

1. d4 Nf6 2. c4 e6 3. g3 d5 4. Nf3 Bb4+ 5. Nbd2 0-0 6. Bg2 dxc4 7. Qc2 b5 8. a4 c6 9. 0-0 Bb7 10. e4 Nbd7 11. e5 Nd5 12. Ne4 Be7 13. Neg5 g6 14. h4 Nb4 15. Qe4 h6 16. Nxe6 fxe6 17. Qxg6+ Kh8 18. Qxh6+ Kg8 19. Qg6+ Kh8 20. Bh3 Nf6 21. Ng5 Qe8 22. Qh6+ Kg8 23. Bxe6+ Rf7 24. Nxf7 Qxf7 25. Qg6+ Kh8 26. Qxf7 Nbd5 27. exf6 1-0

[Event "Moscow op-A 15th"]
[Site "Moscow"]
[Date "2019.01.27"]
[Round "2"]
[White "Kasyanov, Andrey"]
[Black "Ter Saakian, Grigorii"]
[Result "1/2-1/2"]
[WhiteElo "2236"]
[BlackElo "2079"]
[PlyCount "85"]
[EventDate "2019.01.26"]
[EventType "swiss"]
[EventRounds "9"]
[EventCountry "RUS"]
[SourceTitle "CBM 188 Extra"]
[Source "ChessBase"]
[SourceDate "2019.02.26"]
[SourceVersion "1"]
[SourceVersionDate "2019.02.26"]
[SourceQuality "1"]

1. d4 Nf6 2. c4 c5 3. d5 b5 4. cxb5 a6 5. bxa6 g6 6. Nc3 Bg7 7. g3 0-0 8. Bg2 d6 9. Nf3 Bxa6 10. 0-0 Nbd7 11. Rb1 Ng4 12. Qc2 Qc7 13. h3 Nge5 14. b3 Rfb8 15. Nd2 c4 16. b4 Nd3 17. Ba3 Bc8 18. Na4 Qa7 19. Nxc4 Qxa4 20. Qxa4 Rxa4 21. exd3 Ba6 22. Rb3 Bxc4 23. dxc4 Rba8 24. Bc1 Rxa2 25. Be3 Rc2 26. c5 dxc5 27. d6 Rb8 28. dxe7 Re8 29. bxc5 Nxc5 30. Bc6 Rxe7 31. Rb8+ Bf8 32. Bh6 Ne6 33. Bd5 Ng7 34. Ra1 Rce2 35. Raa8 Re8 36. Be3 Rxb8 37. Rxb8 Nf5 38. Bc5 Re1+ 39. Kg2 Ne7 40. f4 Nxd5 41. Bxf8 Nf6 42. Be7+ Kg7 43. Bxf6+ 1/2-1/2

[Event "Moscow op"]
[Site "Moscow"]
[Date "2011.01.08"]
[Round "5"]
[White "Babarykin, Stanislav"]
[Black "Kasyanov, Andrey"]
[Result "1-0"]
[WhiteElo "2252"]
[BlackElo "2210"]
[PlyCount "103"]
[EventDate "2011.01.03"]
[EventType "swiss"]
[EventRounds "9"]
[EventCountry "RUS"]
[SourceTitle "CBM 140 Extra"]
[Source "ChessBase"]
[SourceDate "2011.03.01"]
[SourceVersion "1"]
[SourceVersionDate "2011.03.01"]
[SourceQuality "1"]

1. Nf3 Nf6 2. d4 d5 3. c4 dxc4 4. Nc3 a6 5. e3 b5 6. a4 b4 7. Nb1 c5 8. Bxc4 cxd4 9. 0-0 e6 10. exd4 Be7 11. Nbd2 Bb7 12. Nb3 Nbd7 13. a5 Rc8 14. Qe2 Bxf3 15. gxf3 Nb8 16. Bxa6 Nxa6 17. Qxa6 0-0 18. Bf4 Nd5 19. Bg3 h5 20. h3 Rc2 21. Rab1 Bh4 22. Qd3 Bxg3 23. fxg3 Qc7 24. f4 h4 25. Rbc1 Rxc1 26. Rxc1 Qd6 27. Kh2 Rd8 28. Rg1 g6 29. Nc5 hxg3+ 30. Qxg3 Ra8 31. f5 Qxg3+ 32. Kxg3 exf5 33. a6 Nc7 34. Ra1 Rd8 35. a7 Na8 36. Ra5 Nc7 37. Na6 Nxa6 38. Rxa6 Ra8 39. Kf4 Kf8 40. Ke5 Ke7 41. d5 b3 42. Kd4 f4 43. Kc5 f3 44. Kb6 f5 45. Kb7 Rxa7+ 46. Kxa7 g5 47. Kb7 f2 48. Ra1 g4 49. Kc6 g3 50. d6+ Ke6 51. d7 g2 52. d8Q 1-0

[Event "Moscow op"]
[Site "Moscow"]
[Date "2011.01.06"]
[Round "4"]
[White "Kasyanov, Andrey"]
[Black "Kharmunova, Nadezhda"]
[Result "1-0"]
[WhiteElo "2210"]
[BlackElo "2121"]
[PlyCount "23"]
[EventDate "2011.01.03"]
[EventType "swiss"]
[EventRounds "9"]
[EventCountry "RUS"]
[SourceTitle "CBM 140 Extra"]
[Source "ChessBase"]
[SourceDate "2011.03.01"]
[SourceVersion "1"]
[SourceVersionDate "2011.03.01"]
[SourceQuality "1"]

1. e4 e5 2. Nf3 d6 3. d4 Nd7 4. Bc4 Be7 5. dxe5 dxe5 6. Qd5 Nb6 7. Qxf7+ Kd7 8. Nxe5+ Kd6 9. 0-0 Nf6 10. Rd1+ Kxe5 11. f4+ Kxe4 12. Nc3+ 1-0

[Event "Moscow op"]
[Site "Moscow"]
[Date "2011.01.03"]
[Round "1"]
[White "Gureev, Dmitry"]
[Black "Kasyanov, Andrey"]
[Result "1-0"]
[WhiteElo "2008"]
[BlackElo "2210"]
[PlyCount "45"]
[EventDate "2011.01.03"]
[EventType "swiss"]
[EventRounds "9"]
[EventCountry "RUS"]
[SourceTitle "CBM 140 Extra"]
[Source "ChessBase"]
[SourceDate "2011.03.01"]
[SourceVersion "1"]
[SourceVersionDate "2011.03.01"]
[SourceQuality "1"]

1. d4 d5 2. c4 dxc4 3. Nf3 Nf6 4. e3 Bg4 5. Bxc4 e6 6. Qb3 Bxf3 7. gxf3 c5 8. Nc3 cxd4 9. exd4 Nc6 10. Be3 a6 11. d5 exd5 12. Nxd5 Nxd5 13. Bxd5 Bb4+ 14. Kf1 Qe7 15. Rg1 Kf8 16. a3 Bd6 17. Re1 Re8 18. Bd2 Qd7 19. Rxe8+ Kxe8 20. Rxg7 Qh3+ 21. Ke1 Qxh2 22. Bxc6+ Kd8 23. Bg5+ 1-0